000 00391nam a2200145Ia 4500
005 20250729165732.0
008 250729s2012 xx 000 0 und d
041 _aeng
082 _a370.25 SOME
100 _aDr.T.V.Somasheakar
_9231741
245 _aEducational Psychology and Evaluvation
260 _aBangalore
_bSapna Book House
_c2012
300 _a380p
650 _aPsychology
_9231742
999 _c239433
_d239433